| 000 | 00934nam a22003017a 4500 | ||
|---|---|---|---|
| 003 | CHAP | ||
| 005 | 20220329134412.0 | ||
| 008 | 971013s1979 r 00010 d | ||
| 010 | _a20005 | ||
| 011 | _a20977 | ||
| 035 | _a25066 | ||
| 040 | _cCHAP | ||
| 082 |
_a591.332 _bB6 |
||
| 100 | 0 | 0 |
_aBone, Jesse Franklin. _913663 |
| 245 | _aAnimal anatomy and physiology | ||
| 260 |
_aReston, Va. : _bReston, _c1979 |
||
| 300 |
_a560 p. _b: ilus. |
||
| 590 |
_aBATCH-UPD _b10 _c20130110 _lUCH01 _h0259 |
||
| 590 |
_aBATCH-UPD _b10 _c20130110 _lUCH01 _h2015 |
||
| 590 |
_aBATCH-UPD _b10 _c20130409 _lUCH01 _h2331 |
||
| 590 |
_aBATCH-UPD _b10 _c20130914 _lUCH01 _h0338 |
||
| 590 |
_aCONVERSION _b10 _c20130109 _lUCH01 _h1312 |
||
| 650 | 1 | 4 |
_aAnimales domésticos _xAnatomía y fisiología. _95892 |
| 650 | 1 | 4 |
_aFisiología animal. _941131 |
| 901 | _aBK | ||
| 942 | _cLIBRO | ||
| 949 |
_a591.332 B6 _bBC _cLIBRO _d33724000373189 _eLIBRO _h52001 _i25066 _si |
||
| 999 |
_c20005 _d20005 |
||